[Event "Roncana op-C 10th"]
[Site "Santa Eulalia de Roncana"]
[Date "2016.10.01"]
[Round "2"]
[White "Astasio Cano, Ivan"]
[Black "Molinos  Miguelez, Iago"]
[Result "1-0"]
[WhiteElo "1657"]
[BlackElo "1335"]
[PlyCount "47"]
[EventDate "2016.09.24"]
[EventType "swiss"]
[EventRounds "8"]
[EventCountry "ESP"]
[SourceTitle "EXT 2018"]
[Source "ChessBase"]
[SourceDate "2017.10.13"]
[SourceVersion "1"]
[SourceVersionDate "2017.10.13"]
[SourceQuality "1"]

1. d4 d5 2. Nc3 Nc6 3. Nf3 Nf6 4. Bg5 h6 5. Bxf6 gxf6 6. e3 e6 7. Bb5 Bb4 8. 0-0 Bd7 9. h3 Qe7 10. Bxc6 Bxc6 11. a3 Bxc3 12. bxc3 0-0-0 13. Rb1 a6 14. Qe2 Bb5 15. Rxb5 axb5 16. Rb1 c6 17. e4 Rhg8 18. e5 Rd7 19. Ra1 Rg6 20. exf6 Rxf6 21. Qe5 Rg6 22. a4 Rg8 23. axb5 cxb5 24. Ra8# 1-0

[Event "Roncana op-C 9th"]
[Site "Santa Eulalia de Roncana"]
[Date "2015.11.21"]
[Round "7"]
[White "Bonamussa Vila, Nuria"]
[Black "Astasio Cano, Ivan"]
[Result "1-0"]
[WhiteElo "1689"]
[BlackElo "1700"]
[PlyCount "72"]
[EventDate "2015.10.03"]
[EventType "swiss"]
[EventRounds "8"]
[EventCountry "ESP"]
[SourceTitle "EXT 2017"]
[Source "ChessBase"]
[SourceDate "2016.10.25"]
[SourceVersion "1"]
[SourceVersionDate "2016.10.25"]
[SourceQuality "1"]

1. e4 e5 2. Nf3 Nc6 3. Bc4 Bc5 4. 0-0 Nf6 5. Nc3 d6 6. d3 h6 7. h3 0-0 8. a3 Nd4 9. b4 Nxf3+ 10. Qxf3 Bd4 11. Bb2 Bd7 12. Qg3 Nh5 13. Qf3 Nf6 14. Qg3 Qe7 15. Rfe1 a5 16. b5 c6 17. b6 Rae8 18. Nd1 c5 19. Bc1 Be6 20. Bb5 Rd8 21. c3 Nh5 22. Qf3 Nf6 23. cxd4 cxd4 24. Qe2 Rc8 25. Bd2 Rc5 26. Bc4 d5 27. Ba2 Rc2 28. Bb3 Rc5 29. Qf3 Rb5 30. Ba4 Rxb6 31. Bxa5 Ra6 32. Bb4 Qd8 33. Bb5 Rb6 34. Ba5 Bd7 35. a4 Qa8 36. Bxb6 Bxb5 1-0

[Event "Roncana op-C 9th"]
[Site "Santa Eulalia de Roncana"]
[Date "2015.11.14"]
[Round "6"]
[White "Astasio Cano, Ivan"]
[Black "Salvany Alonso, Artur"]
[Result "0-1"]
[WhiteElo "1700"]
[BlackElo "1730"]
[PlyCount "72"]
[EventDate "2015.10.03"]
[EventType "swiss"]
[EventRounds "8"]
[EventCountry "ESP"]
[SourceTitle "EXT 2017"]
[Source "ChessBase"]
[SourceDate "2016.10.25"]
[SourceVersion "1"]
[SourceVersionDate "2016.10.25"]
[SourceQuality "1"]

1. e4 e5 2. Nf3 Nc6 3. Nc3 Nf6 4. Bc4 Bc5 5. 0-0 d6 6. h3 Be6 7. Bxe6 fxe6 8. d3 h6 9. Qe2 d5 10. Be3 d4 11. Bd2 dxc3 12. bxc3 Qe7 13. Rab1 g5 14. Rb5 a6 15. Rxb7 Bb6 16. Be3 Na5 17. Nxe5 Rg8 18. Nc6 Nxc6 19. Bxb6 Rc8 20. d4 g4 21. Bc5 Qg7 22. g3 h5 23. e5 Nd7 24. Qxa6 Nxc5 25. Qxc6+ Nd7 26. Qxe6+ Kd8 27. d5 Re8 28. Qc6 Qxe5 29. f3 Qxg3+ 30. Kh1 Qxh3+ 31. Kg1 g3 32. Rf2 gxf2+ 33. Kxf2 Qh2+ 34. Kf1 Qe2+ 35. Kg1 Rg8+ 36. Kh1 Qg2# 0-1

[Event "Roncana op-C 8th"]
[Site "Santa Eulalia de Roncana"]
[Date "2014.10.11"]
[Round "1"]
[White "Rivera Vargas, Toni"]
[Black "Astasio Cano, Ivan"]
[Result "1-0"]
[WhiteElo "1770"]
[BlackElo "1700"]
[PlyCount "32"]
[EventDate "2014.10.11"]
[EventType "swiss"]
[EventRounds "8"]
[EventCountry "ESP"]
[SourceTitle "EXT 2016"]
[Source "ChessBase"]
[SourceDate "2015.10.08"]
[SourceVersion "1"]
[SourceVersionDate "2015.10.08"]
[SourceQuality "1"]

1. e4 e5 2. Nf3 Nf6 3. d4 Nc6 4. Nc3 Bb4 5. Bg5 h6 6. Bxf6 Qxf6 7. d5 Bxc3+ 8. bxc3 Na5 9. Rb1 Qf4 10. Bd3 c5 11. c4 d6 12. Rb5 a6 13. Rxa5 Qf6 14. Rxc5 Qe7 15. Ra5 Rb8 16. a3 Qc7 1-0